Histoire de la France - Statistiques

Statistiques générales
  • Ce quiz a été pris 2 517 fois
  • Le résultat moyen est 19 sur 25
Statistiques - réponses
Questions sur L'Histoire de la France Réponses % Correct
Quel événement à lieu le 14 juillet 1789 à Paris ? La prise de la Bastille
99%
Quel est le surnom de Louis XIV ? Le roi soleil
95%
En quelle année l'euro remplace le franc ? 2002
92%
Qui a été le premier président de la Vème République ? Charles de Gaulle
91%
En quelle année les femmes obtiennent le droit de vote ? 1944
90%
Quelle reine a été guillotiné pendant la Révolution Française ? Marie Antoinette
88%
Quel siècle est surnommé la siècle des Lumières ? 18ème siècle
87%
Quel célèbre monument la France a-t-elle offert aux Etats-Unis ? Statue de la Liberté
86%
Quel événement a eu lieu le 6 juin 1944 ? Le débarquement
85%
Quel chef Gaulois a rallié les peuples de la Gaule ? Vercingétorix
85%
Qui a écrit l'article célèbre " J'accuse...! " Zola
82%
En quelle année est voté l'abolition de la peine de mort ? 1981
79%
Quel scientifique français à découvert le vaccin contre la rage ? Louis Pasteur
78%
Sur quelle île Napoléon Ier a fini sa vie ? Sainte Hélène
77%
En quelle année Napoléon devient-il Empereur ? 1804
76%
À quelle date Charles de Gaulle fais son appel lors de la Seconde Guerre Mondiale ? 18 juin 1940
75%
En quelle année a été signé le traité de Versailles ? 1919
73%
Dans quelle ville François Ferdinand a-t-il été assassiné, déclenchant la Première Guerre Mondiale ? Sarajevo
73%
Qui a mis en place la Terreur ? Robespierre
72%
En quelle année s'est déroulé la Bataille de Waterloo ? 1815
69%
Quel est le vrai nom de Molière ? Jean-Baptiste Poquelin
63%
Par qui a-t-elle été abolie ? Robert Badinter
58%
Quelle est la bataille la plus meurtrière de la Première Guerre Mondiale ? La bataille de la Somme
53%
Quel roi de France ordonne l'arrestation de tous les templiers du royaume en 1307 ? Philippe IV le Bel
35%
Qui était le président de la France lors de la Première Guerre Mondiale ? Raymond Poincaré
33%
Aucun quiz correspondant
Distribution des résultats
% des personnes avec chaque résultat
Percentile par nombre de réponses
Votre historique - résultats
Vous n’avez pas pris ce quiz